Ley Reguladora del Transporte Remunerado de Personas en Vehículos Automotores n° 3503, actualizada al 2 de febrero de 1968

محفوظ في:
التفاصيل البيبلوغرافية
مؤلف مشترك: Costa Rica. Ministerio de Obras Públicas y Transportes
التنسيق: نص
منشور في: San José: Imprenta Nacional
الموضوعات:
الوسوم: إضافة وسم
لا توجد وسوم, كن أول من يضع وسما على هذه التسجيلة!

MARC

LEADER 00000 a a2200000 04500
001 17376
003
040
090 |a 020000  
110 |a Costa Rica. Ministerio de Obras Públicas y Transportes  
245 |a Ley Reguladora del Transporte Remunerado de Personas en Vehículos Automotores n° 3503, actualizada al 2 de febrero de 1968  
260 |a San José:   |b Imprenta Nacional  
300 |a 16 p.  
650 |a TRANSPORTE PUBLICO  
650 |a LEGISLACION  
999 |c 17299  |d 17299